[Event "Oberliga Sued W 2324"]
[Site "Germany"]
[Date "2024.03.17"]
[Round "8.8"]
[White "Thieme Garmann, Alexander"]
[Black "Guckes, Fabian"]
[Result "0-1"]
[WhiteElo "2016"]
[BlackElo "1913"]
[PlyCount "72"]
[EventDate "2023.09.17"]
[EventType "team-tourn"]
[EventRounds "9"]
[EventCountry "GER"]
[SourceTitle "EXT 2025"]
[Source "ChessBase"]
[SourceDate "2024.10.14"]
[SourceVersion "1"]
[SourceVersionDate "2024.10.14"]
[SourceQuality "1"]
[WhiteTeam "Koblenz II"]
[BlackTeam "Worms"]
[WhiteTeamCountry "GER"]
[BlackTeamCountry "GER"]

1. e4 c5 2. Nc3 Nc6 3. g3 g6 4. d3 Bg7 5. Be3 d6 6. Qd2 Bd7 7. Bg2 e6 8. Nge2 a6 9. 0-0 Nge7 10. Bh6 0-0 11. Bxg7 Kxg7 12. d4 Qc7 13. Rad1 Rad8 14. h4 cxd4 15. Nxd4 e5 16. Nb3 Bg4 17. Rde1 f6 18. Kh2 Qd7 19. Nd1 Be6 20. Ne3 f5 21. exf5 gxf5 22. f4 e4 23. c4 d5 24. cxd5 Nxd5 25. Nc5 Qe7 26. Nxe6+ Qxe6 27. Nxd5 Rxd5 28. Qc3+ Qf6 29. Qxf6+ Kxf6 30. Rd1 Rfd8 31. Rxd5 Rxd5 32. Rf2 h5 33. Bf1 Nd4 34. Bc4 Rc5 35. Bf1 e3 36. Rg2 Nf3+ 0-1

[Event "Oberliga Sued W 2223"]
[Site "Germany"]
[Date "2023.03.19"]
[Round "7.8"]
[White "Guckes, Fabian"]
[Black "Courtial, Ralf"]
[Result "1-0"]
[WhiteElo "1809"]
[BlackElo "1773"]
[PlyCount "83"]
[EventDate "2022.10.23"]
[EventType "team-tourn"]
[EventRounds "9"]
[EventCountry "GER"]
[SourceTitle "EXT 2025"]
[Source "ChessBase"]
[SourceDate "2024.10.14"]
[SourceVersion "1"]
[SourceVersionDate "2024.10.14"]
[SourceQuality "1"]
[WhiteTeam "Worms"]
[BlackTeam "Winterbach Turm"]
[WhiteTeamCountry "GER"]
[BlackTeamCountry "GER"]

1. e4 c5 2. Nf3 e6 3. d4 cxd4 4. Nxd4 Bc5 5. Nb3 Bb6 6. Bd3 Nc6 7. 0-0 h6 8. c4 d6 9. Nc3 Nf6 10. Na4 Bc7 11. Be3 b6 12. Nc3 Bb7 13. Qe2 Qe7 14. Nb5 Ne5 15. f3 0-0 16. Nxc7 Qxc7 17. Nd4 a6 18. Rfd1 Nfd7 19. Rac1 Nxd3 20. Qxd3 Rac8 21. b3 Rfd8 22. Qe2 Ne5 23. Qf2 Qd7 24. Qg3 Kh7 25. Ne2 Rc6 26. Bd4 Ng6 27. h4 e5 28. h5 Nf4 29. Nxf4 exd4 30. Rxd4 b5 31. Rcd1 bxc4 32. bxc4 Qc7 33. Nd5 Qa5 34. Ne7 Rb6 35. Nf5 g6 36. hxg6+ fxg6 37. Qh4 gxf5 38. Qe7+ Kg8 39. Qxd8+ Kh7 40. Qe7+ Kg8 41. Rxd6 Rxd6 42. Rxd6 1-0

[Event "Rheinland Pfalz op 10th"]
[Site "Nickenich"]
[Date "2018.06.02"]
[Round "6"]
[White "Knapp, Michael1"]
[Black "Guckes, Fabian"]
[Result "1-0"]
[WhiteElo "1978"]
[BlackElo "1758"]
[PlyCount "77"]
[EventDate "2018.05.31"]
[EventType "swiss"]
[EventRounds "7"]
[EventCountry "GER"]
[SourceTitle "EXT 2019"]
[Source "ChessBase"]
[SourceDate "2018.10.10"]
[SourceVersion "1"]
[SourceVersionDate "2018.10.10"]
[SourceQuality "1"]

1. d4 Nf6 2. c4 g6 3. Nc3 Bg7 4. e4 d6 5. f3 0-0 6. Be3 e5 7. Nge2 Nbd7 8. Qd2 exd4 9. Nxd4 Ne5 10. Be2 Bd7 11. 0-0 a6 12. b4 c5 13. bxc5 dxc5 14. Nc2 Be6 15. Nd5 Bxd5 16. cxd5 b6 17. Rab1 Qc7 18. a4 Rfb8 19. Na3 Qd7 20. Qc2 Ne8 21. h3 f6 22. f4 Nf7 23. Rfd1 Ned6 24. Nc4 Nxc4 25. Bxc4 b5 26. Be2 c4 27. Bg4 Qd6 28. Qf2 Rc8 29. Bxc8 Rxc8 30. axb5 c3 31. Rdc1 Qa3 32. b6 c2 33. Ra1 Qb3 34. b7 Qxb7 35. Rxc2 Nd6 36. Rxc8+ Qxc8 37. Rc1 Qb7 38. Qc2 Qb4 39. Bc5 1-0

[Event "Pfalz op-B 9th"]
[Site "Neustadt an der Weinstrasse"]
[Date "2018.02.12"]
[Round "6"]
[White "Mertens, Gottfried"]
[Black "Guckes, Fabian"]
[Result "1/2-1/2"]
[WhiteElo "1816"]
[BlackElo "1734"]
[PlyCount "67"]
[EventDate "2018.02.09"]
[EventType "swiss"]
[EventRounds "7"]
[EventCountry "GER"]
[SourceTitle "CBM 182 Extra"]
[Source "ChessBase"]
[SourceDate "2018.02.23"]
[SourceVersion "1"]
[SourceVersionDate "2018.02.23"]
[SourceQuality "1"]

1. f4 e5 2. fxe5 d6 3. exd6 Bxd6 4. Nf3 Bg4 5. e3 Nc6 6. d4 Qe7 7. Bb5 0-0-0 8. Bxc6 bxc6 9. 0-0 h5 10. Qd3 Nh6 11. e4 Bxf3 12. Qxf3 Ng4 13. e5 Nxe5 14. dxe5 Qxe5 15. Qf5+ Qxf5 16. Rxf5 Bc5+ 17. Rxc5 Rd1+ 18. Kf2 Rxc1 19. Re5 Rd8 20. Re1 Rxc2+ 21. Kf1 Rxb2 22. Nc3 Rdd2 23. Re2 Rxe2 24. Nxe2 c5 25. Ng3 g6 26. h4 Rc2 27. Ne2 Kd7 28. Ke1 Ke6 29. Kd1 Rb2 30. a3 Rb3 31. Kc2 Re3 32. Kd2 Rb3 33. Kc2 Re3 34. Kd2 1/2-1/2

[Event "Rheinland Pfalz op 7th"]
[Site "Frankenthal"]
[Date "2015.06.06"]
[Round "6"]
[White "Hoehler, Waldemar"]
[Black "Guckes, Fabian"]
[Result "1/2-1/2"]
[WhiteElo "1870"]
[BlackElo "1579"]
[PlyCount "84"]
[EventDate "2015.06.04"]
[EventType "swiss"]
[EventRounds "7"]
[EventCountry "GER"]
[SourceTitle "EXT 2017"]
[Source "ChessBase"]
[SourceDate "2016.10.25"]
[SourceVersion "1"]
[SourceVersionDate "2016.10.25"]
[SourceQuality "1"]

1. Nf3 Nf6 2. c4 d6 3. Nc3 g6 4. d3 Bg7 5. Bd2 0-0 6. g3 e5 7. Bg2 h6 8. 0-0 Be6 9. Qc1 Kh7 10. b4 c6 11. a4 e4 12. Nd4 exd3 13. Nxe6 fxe6 14. exd3 d5 15. Rb1 Nbd7 16. b5 cxb5 17. cxd5 exd5 18. Rxb5 b6 19. Nxd5 Rc8 20. Nxf6+ Bxf6 21. Qb1 Nc5 22. Bb4 a6 23. Bxc5 bxc5 24. Rb6 Rb8 25. Rxb8 Qxb8 26. Be4 Bd4 27. Kg2 Qxb1 28. Rxb1 Rxf2+ 29. Kh3 Rb2 30. Rxb2 Bxb2 31. Kg4 Kg7 32. Bb7 a5 33. Kf4 Kf6 34. Bc8 Ba3 35. Ke4 g5 36. g4 Bb4 37. Kd5 Ba3 38. h3 Bb4 39. Kc6 Ba3 40. Kd7 Kg7 41. Ke6 Bb4 42. Bb7 Ba3 1/2-1/2

[Event "Rheinland Pfalz op 5th"]
[Site "Worms"]
[Date "2013.06.01"]
[Round "5"]
[White "Kinnert, Dieter"]
[Black "Guckes, Fabian"]
[Result "1-0"]
[WhiteElo "1726"]
[BlackElo "1306"]
[PlyCount "103"]
[EventDate "2013.05.30"]
[EventType "swiss"]
[EventRounds "7"]
[EventCountry "GER"]
[SourceTitle "EXT 2014"]
[Source "ChessBase"]
[SourceDate "2013.11.20"]
[SourceVersion "1"]
[SourceVersionDate "2013.11.20"]
[SourceQuality "1"]

1. e4 c5 2. Nf3 Nc6 3. Nc3 Nf6 4. d4 cxd4 5. Nxd4 e5 6. Nf5 d6 7. Ng3 Be7 8. f3 0-0 9. Be3 Qa5 10. a3 Rd8 11. b4 Qc7 12. Nd5 Nxd5 13. exd5 Nb8 14. Bd3 Nd7 15. Nf5 Nf6 16. Nxe7+ Qxe7 17. 0-0 Nxd5 18. Bxh7+ Kxh7 19. Qxd5 Bf5 20. c4 b6 21. Rac1 Qe6 22. Qxe6 Bxe6 23. Rc3 Rac8 24. Rfc1 Rc6 25. c5 Rdc8 26. b5 R6c7 27. c6 d5 28. Bf2 Re8 29. a4 d4 30. Ra3 f6 31. f4 Bf5 32. fxe5 fxe5 33. Re1 d3 34. Rd1 e4 35. Be3 Kg6 36. Kf2 Rf8 37. Ke1 Kf6 38. a5 bxa5 39. Rxa5 Ra8 40. Rc1 d2+ 41. Bxd2 e3 42. Bxe3 Be4 43. Rca1 a6 44. Rxa6 Rxa6 45. Rxa6 Bd3 46. Ra5 Re7 47. Kd2 Be4 48. Bf4 Bxg2 49. b6 Bxc6 50. Bg5+ Ke6 51. Bxe7 Kxe7 52. b7 1-0

[Event "Rheinland Pfalz op 5th"]
[Site "Worms"]
[Date "2013.05.30"]
[Round "2"]
[White "Guckes, Fabian"]
[Black "Huschens, Matthias"]
[Result "0-1"]
[WhiteElo "1306"]
[BlackElo "1743"]
[PlyCount "102"]
[EventDate "2013.05.30"]
[EventType "swiss"]
[EventRounds "7"]
[EventCountry "GER"]
[SourceTitle "EXT 2014"]
[Source "ChessBase"]
[SourceDate "2013.11.20"]
[SourceVersion "1"]
[SourceVersionDate "2013.11.20"]
[SourceQuality "1"]

1. e4 d5 2. exd5 Qxd5 3. Nc3 Qd6 4. Nf3 Nf6 5. d4 c6 6. Bc4 Bg4 7. Be3 e6 8. h3 Bh5 9. g4 Bg6 10. Ne5 Qc7 11. Nxg6 hxg6 12. Qd2 Bd6 13. 0-0-0 Nd5 14. Nxd5 cxd5 15. Bb3 Nd7 16. Rde1 b5 17. Qd3 a6 18. Bd2 Qc6 19. Qc3 Qxc3 20. Bxc3 Nb6 21. Ba5 Nc4 22. Bxc4 bxc4 23. Bc3 a5 24. a3 Kd7 25. Kb1 a4 26. Ka2 Bf4 27. b4 axb3+ 28. cxb3 Bd6 29. b4 Rhb8 30. Kb2 Bf4 31. Ra1 Rh8 32. Kc2 Rh7 33. a4 Kc6 34. Bd2 Bxd2 35. Kxd2 Rah8 36. Ra3 Rb8 37. Kc3 g5 38. b5+ Kd6 39. Kb4 g6 40. Re1 f5 41. Re5 Rc8 42. a5 fxg4 43. hxg4 Rh1 44. Ra2 Rb1+ 45. Ka4 c3 46. Rc2 Rc4+ 47. Ka3 Rxb5 48. Rxg5 Rxa5+ 49. Kb3 Rb5+ 50. Ka3 Rc8 51. Ka4 Rb2 0-1

[Event "GER-chT U12"]
[Site "Verden"]
[Date "2012.12.29"]
[Round "6.2"]
[White "Fischer, Patrick"]
[Black "Guckes, Fabian"]
[Result "1-0"]
[WhiteElo "1278"]
[BlackElo "1321"]
[PlyCount "45"]
[EventDate "2012.12.27"]
[EventType "team-swiss"]
[EventRounds "7"]
[EventCountry "GER"]
[SourceTitle "EXT 2014"]
[Source "ChessBase"]
[SourceDate "2013.11.20"]
[SourceVersion "1"]
[SourceVersionDate "2013.11.20"]
[SourceQuality "1"]
[WhiteTeam "Biberach"]
[BlackTeam "Worms"]
[WhiteTeamCountry "GER"]
[BlackTeamCountry "GER"]

1. e4 c5 2. c3 d5 3. exd5 Qxd5 4. d4 e6 5. Nf3 Nc6 6. Be3 cxd4 7. cxd4 Nf6 8. Nc3 Qa5 9. Bd3 Bb4 10. Rc1 Bxc3+ 11. bxc3 Qxa2 12. 0-0 0-0 13. c4 Qa5 14. Ra1 Qc7 15. Qc2 Nb4 16. Qb1 Nxd3 17. Qxd3 Ng4 18. Bd2 Bd7 19. Rfe1 Bc6 20. d5 exd5 21. cxd5 Rad8 22. Qc4 Rxd5 23. Qxg4 1-0

[Event "GER-chT U12"]
[Site "Verden"]
[Date "2012.12.28"]
[Round "3.2"]
[White "Guckes, Fabian"]
[Black "Zetto, Lukas"]
[Result "1-0"]
[WhiteElo "1321"]
[BlackElo "1204"]
[PlyCount "57"]
[EventDate "2012.12.27"]
[EventType "team-swiss"]
[EventRounds "7"]
[EventCountry "GER"]
[SourceTitle "EXT 2014"]
[Source "ChessBase"]
[SourceDate "2013.11.20"]
[SourceVersion "1"]
[SourceVersionDate "2013.11.20"]
[SourceQuality "1"]
[WhiteTeam "Worms"]
[BlackTeam "Spaichingen"]
[WhiteTeamCountry "GER"]
[BlackTeamCountry "GER"]

1. e4 e6 2. d4 d5 3. e5 c5 4. c3 Nc6 5. Nf3 cxd4 6. cxd4 Bb4+ 7. Bd2 Bxd2+ 8. Qxd2 Qa5 9. Nc3 b6 10. Bd3 Ba6 11. 0-0 Nge7 12. a3 b5 13. Rad1 Qb6 14. b4 0-0 15. Rc1 Nf5 16. Ne2 Kh8 17. Bxf5 exf5 18. Qc2 Rac8 19. Qxf5 Ne7 20. Qd3 Rc4 21. Ng5 Ng6 22. Nf4 Bb7 23. e6 f5 24. Nxg6+ Kg8 25. Ne7+ Kh8 26. Nf7+ Rxf7 27. exf7 Qd8 28. Qxf5 Qxe7 29. Qh3 1-0